| 000 | 00704nam a22002177a 4500 | ||
|---|---|---|---|
| 005 | 20221017083412.0 | ||
| 008 | 221017b |||||||| |||| 00| 0 eng d | ||
| 020 | _a978-971-23-5644-5 | ||
| 082 | _aFil. 642 So714 2010 | ||
| 100 |
_aSoriano, Nora N. _eauthor |
||
| 245 |
_aA guide to meal management and table services / _cNora Narvaez-Soriano; illustrator Maria Nora Soriano |
||
| 250 | _a3rd ed. | ||
| 260 |
_aManila: _bRex Book Store, _cc2010. |
||
| 300 |
_aix, 234p.: _bill. |
||
| 500 | _aIncludes index and references | ||
| 541 | _e4132 c.1, 4133 c.2, 4348 c.3 | ||
| 650 | _aMenus | ||
| 650 | _aMeal planning | ||
| 650 | _aTable setting and decoration | ||
| 700 |
_aSoriano, Maria Nora _eillustrator |
||
| 999 |
_c44 _d44 |
||